| 000 | 00742nam a2200241 u 4500 | ||
|---|---|---|---|
| 005 | 20220620145219.0 | ||
| 008 | 181108s1998 r 000 0 eng d | ||
| 020 | _a8495178060 | ||
| 035 | _aUPN01000227707 | ||
| 049 | _aCG | ||
| 050 | 4 |
_aZ722.5 _bC3.2 |
|
| 100 | 1 |
_aCanfora, Luciano, _d1942- _942618 |
|
| 245 | 1 | 3 |
_aLa biblioteca desaparecida / _cLuciano Canfora ; tr. Xilberto Llano Caelles. |
| 260 |
_aAsturias, Esp. : _bTrea, _c1998. |
||
| 300 |
_a174 p. : _bil. |
||
| 440 | 0 |
_aTrea Letras ; _v2 |
|
| 534 |
_pTÃtulo original: _tLa biblioteca scomparsa |
||
| 610 | 2 | 4 |
_aBIBLIOTECA DE ALEJANDRIA _927407 |
| 650 | 4 |
_aCIVILIZACION CLASICA _917552 |
|
| 650 | 7 |
_aBibliotecas _xHistoria _2 _92880 |
|
| 905 | _aLibro | ||
| 999 |
_c199802 _d199802 |
||